| 000 | 01493nam0a2200349 4500 | ||
|---|---|---|---|
| 001 | RU\NLR\bibl\71288 | ||
| 005 | 20260406003207.0 | ||
| 010 |
_a5-09-008795-4 _910000 |
||
| 021 |
_aRU _b1999-40720 _92012 |
||
| 035 | _a(NLR Aleph) 000069550 | ||
| 090 |
_a382851 _c382851 |
||
| 100 | _a20000221d1999 |||y0rusy50 ca | ||
| 101 | 0 |
_ager _arus |
|
| 102 | _aRU | ||
| 105 | _ay ||||||||| | ||
| 200 | 1 |
_aНемецкий язык _iКонтакты _eКн. для учителя к учеб. нем яз. для 10 - 11 кл. общеобразоват. учреждений _fГ.И. Воронина |
|
| 210 |
_aМ. _cПросвещение _d1999 |
||
| 215 |
_a77,[2] с. _d22 |
||
| 300 | _aНа обл.: Deutsch, kontakte 10-11 / G.I. Woronina | ||
| 512 | 1 |
_6z45790 _aDeutsch, kontakte 10-11 |
|
| 606 | 0 |
_aНемецкий язык _xМетодика преподавания _xСредняя школа _91153200 _3RU\NLR\auth\66460494 |
|
| 606 | 0 |
_aНемецкий язык _xПреподавание _xСредняя школа _92138300 _3RU\NLR\auth\661289141 |
|
| 686 | _aЧ426.179Нем.2(2)-215 | ||
| 700 | 1 |
_4070 _8rus _7ca _aВоронина _bГ. И. _cд-р пед. наук _gГалина Ивановна _3RU\NLR\auth\77112735 _995660 |
|
| 790 | 1 |
_6z45512 _aWoronina _bG. I. _gGalina Ivanovna _4070 |
|
| 801 | 0 |
_aRU _bNLR _c20000221 _gPSBO |
|
| 801 | 1 |
_aRU _bNLR _c20000221 |
|
| 830 | _aАвт. по кн. | ||
| 852 |
_aNLR _j99-6/1581 |
||
| 942 | _cBOOK | ||
| 980 | _aNB | ||